000 00579nam a2200181Ia 4500
008 090123s9999 xx 000 0 und d
082 _b10108
100 _aमाडगुळकर ग.दी.
245 _aतुलसी रामायण
250 _a1
260 _bविश्वमोहिनी प्रकाशन
_c1977
300 _a268
600 _aमाडगुळकर ग.दी.
630 _aतुलसी रामायण
700 _aमाडगुळकर ग.दी.
730 _aतुलसी रामायण
942 _cBOOK
999 _c48174
_d48174